[Event "Obert Figueres Miquel Mas 2010"]
[Site "Figueres ESP"]
[Date "2010.08.14"]
[Round "5.18"]
[White "Perez Lopez, Alfonso"]
[Black "Gonzalez Manchon, Juan Miguel"]
[Result "1-0"]
[WhiteElo "1905"]
[BlackElo "2110"]
[PlyCount "124"]
[EventDate "2011.08.11"]
[EventType "swiss"]
[EventRounds "9"]
[EventCountry "ESP"]
[Source "lmi"]
[SourceDate "2010.08.11"]

1. c4 Nf6 2. Nc3 c6 3. Nf3 d5 4. d4 dxc4 5. a4 Bg4 6. e4 e5 7. Bg5 Nbd7 8. dxe5
Bxf3 9. exf6 Bxd1 10. fxg7 Qxg5 11. gxh8=Q Bh5 12. Qd4 O-O-O 13. Qd2 Qf6 14. f3
Ne5 15. Qf2 Bh6 16. Rd1 Rxd1+ 17. Nxd1 Qd6 18. Qc2 Bg5 19. Be2 Bh4+ 20. Nf2 Bg5
21. O-O Be3 22. Rd1 Qc5 23. Bf1 Bxf3 24. gxf3 Nxf3+ 25. Kg2 Nh4+ 26. Kh1 Bxf2
27. Qe2 Ng6 28. Qg4+ Kc7 29. Bg2 Bd4 30. Qf5 f6 31. Qxc5 Bxc5 32. a5 b5 33. Bh3
Ne5 34. Rf1 Be7 35. Be6 b4 36. Rc1 c3 37. bxc3 Nd3 38. Rc2 Nc5 39. Bg8 b3 40.
Rb2 h6 41. Bxb3 Kd6 42. Rd2+ Ke5 43. Bf7 Nxe4 44. Rd7 Bc5 45. c4 Ng5 46. Bd5
Kd4 47. Bxc6+ Kxc4 48. Kg2 Kb4 49. Rb7+ Kc4 50. Rd7 Kb4 51. a6 Ne6 52. Rh7 Nf4+
53. Kf3 Ne6 54. Kg4 f5+ 55. Kg3 f4+ 56. Kg2 Be3 57. Be4 Nf8 58. Rf7 Ng6 59. Rf6
Ne5 60. Bf3 Nd3 61. Kf1 Ne5 62. Be2 Ka5 1-0

[Event "Obert Figueres Miquel Mas 2010"]
[Site "Figueres ESP"]
[Date "2010.08.14"]
[Round "5.19"]
[White "Mayer, Christian"]
[Black "Ferreira, Kleber Victor"]
[Result "1/2-1/2"]
[WhiteElo "1877"]
[BlackElo "2107"]
[PlyCount "82"]
[EventDate "2011.08.11"]
[EventType "swiss"]
[EventRounds "9"]
[EventCountry "ESP"]
[Source "lmi"]
[SourceDate "2010.08.11"]

1. c4 e5 2. Nc3 Nc6 3. g3 f5 4. Bg2 Nf6 5. d3 Bb4 6. e3 O-O 7. Nge2 f4 8. exf4
d6 9. O-O a5 10. a3 Bc5 11. Be3 Nd4 12. Bxd4 exd4 13. Ne4 c6 14. Nxc5 dxc5 15.
b4 Qd6 16. bxc5 Qxc5 17. Qb3 Bg4 18. Qb2 Rad8 19. Kh1 Rfe8 20. Ng1 Re7 21. Nf3
Qh5 22. Ne5 Bc8 23. Rae1 Ree8 24. Qe2 Bg4 25. Bf3 Rxe5 26. Qxe5 Bxf3+ 27. Kg1
Qh3 28. Qe6+ Qxe6 29. Rxe6 Kf7 30. Re5 b6 31. Rfe1 Re8 32. Rxe8 Nxe8 33. Rb1
Be2 34. Rxb6 Bxd3 35. Rxc6 Be4 36. Ra6 a4 37. Rxa4 Bc2 38. Ra7+ Ke6 39. Kf1
Bd3+ 40. Ke1 Bxc4 41. f3 Kd6 1/2-1/2

[Event "Obert Figueres Miquel Mas 2010"]
[Site "Figueres ESP"]
[Date "2010.08.14"]
[Round "5.20"]
[White "Puig Carres, Josep"]
[Black "Prats Rodriguez, Juan Bosco"]
[Result "0-1"]
[WhiteElo "1839"]
[BlackElo "2106"]
[PlyCount "131"]
[EventDate "2011.08.11"]
[EventType "swiss"]
[EventRounds "9"]
[EventCountry "ESP"]
[Source "lmi"]
[SourceDate "2010.08.11"]

1. c4 e5 2. Nc3 Nc6 3. g3 g6 4. Bg2 Bg7 5. Nf3 d6 6. d3 h6 7. O-O Be6 8. Rb1
Qd7 9. Re1 Bh3 10. Bh1 f5 11. Nh4 Nge7 12. Nd5 g5 13. Nxe7 Nxe7 14. Ng2 O-O 15.
Qb3 c6 16. c5+ d5 17. e4 Kh8 18. exd5 Nxd5 19. Ne3 Nxe3 20. Bxe3 f4 21. Bd2 Be6
22. Qa3 f3 23. Re3 Bd5 24. Bc3 Qc7 25. Rbe1 Rae8 26. b4 g4 27. Qb2 Rf5 28. a4
a6 29. b5 axb5 30. axb5 cxb5 31. Qxb5 Rc8 32. Qb2 Re8 33. Qb5 Bc6 34. Qc4 h5
35. d4 e4 36. Rd1 Bd5 37. Qb5 Ra8 38. Ree1 Rff8 39. Ra1 Rxa1 40. Bxa1 Ra8 41.
Bc3 Qc6 42. Qf1 Kg8 43. h3 Kf7 44. h4 Ra4 45. Rd1 Bc4 46. Qe1 Bd3 47. Qe3 Bh6
48. d5 Qa6 49. Qe1 Qc4 50. d6 Ke6 51. Ra1 Kd7 52. Rxa4 Qxa4 53. Bd2 Bxd2 54.
Qxd2 Qa1+ 55. Kh2 Qd4 56. Kg1 Qxc5 57. Qh6 b5 58. Qf6 Qxd6 59. Qf5+ Qe6 60.
Qxh5 e3 61. Qc5 e2 62. Qa7+ Kc6 63. Qa6+ Kd5 64. Qa2+ Bc4 65. Qd2+ Kc5 66. Qf4
0-1

[Event "Obert Figueres Miquel Mas 2010"]
[Site "Figueres ESP"]
[Date "2010.08.14"]
[Round "5.21"]
[White "Ruiz Munoz, Jose Carlos"]
[Black "Triadu Cassa, Jordi"]
[Result "0-1"]
[WhiteElo "1820"]
[BlackElo "2025"]
[PlyCount "56"]
[EventDate "2011.08.11"]
[EventType "swiss"]
[EventRounds "9"]
[EventCountry "ESP"]
[Source "lmi"]
[SourceDate "2010.08.11"]

1. e4 e5 2. Nf3 Nc6 3. Bb5 a6 4. Ba4 Nf6 5. O-O b5 6. Bb3 Be7 7. Re1 d6 8. a3
Bg4 9. c3 O-O 10. d3 Na5 11. Ba2 c5 12. Bg5 h6 13. Be3 Nc6 14. h3 Bc8 15. Nh2
d5 16. exd5 Nxd5 17. Qf3 Nxe3 18. Rxe3 Bb7 19. Qh5 Bg5 20. Rf3 c4 21. dxc4 Qd1+
22. Nf1 e4 23. h4 exf3 24. hxg5 hxg5 25. cxb5 axb5 26. gxf3 Ne5 27. Nbd2 Qxa1
28. Ne4 Bxe4 0-1

[Event "Obert Figueres Miquel Mas 2010"]
[Site "Figueres ESP"]
[Date "2010.08.14"]
[Round "5.22"]
[White "Garcia-Castany Musellas, Gal La"]
[Black "Diaz Munoz, Sergi"]
[Result "0-1"]
[WhiteElo "1753"]
[BlackElo "2005"]
[PlyCount "94"]
[EventDate "2011.08.11"]
[EventType "swiss"]
[EventRounds "9"]
[EventCountry "ESP"]
[Source "lmi"]
[SourceDate "2010.08.11"]

1. e4 d5 2. exd5 Qxd5 3. Nc3 Qa5 4. d4 Nf6 5. Bc4 Bf5 6. Bd2 c6 7. Nd5 Qd8 8.
Nxf6+ gxf6 9. c3 e6 10. Ne2 Bd6 11. Bf4 h5 12. Bd3 Bxd3 13. Qxd3 h4 14. h3 Qc7
15. Bxd6 Qxd6 16. Qf3 Nd7 17. c4 O-O-O 18. O-O-O Qb4 19. Qc3 Qxc3+ 20. Nxc3
Rhg8 21. Rhg1 f5 22. g3 Nf6 23. Kc2 Rg7 24. Rd3 Rdg8 25. Kd2 Nh5 26. Ne2 Nf6
27. Nc3 Nh7 28. Ke2 f4 29. g4 Ng5 30. f3 f5 31. d5 exd5 32. cxd5 Re8+ 33. Kd2
Nxh3 34. Rh1 Nf2 35. Rxh4 Nxd3 36. Kxd3 fxg4 37. Rxg4 Rxg4 38. fxg4 f3 39. Nd1
cxd5 40. g5 Kd7 41. g6 Ke6 42. Ke3 Kf6+ 43. Kxf3 d4 44. Nf2 Re3+ 45. Kf4 Kxg6
46. Nd1 Re2 47. Kf3 Rd2 0-1

[Event "Obert Figueres Miquel Mas 2010"]
[Site "Figueres ESP"]
[Date "2010.08.14"]
[Round "5.23"]
[White "Fleta Marin, Sergio"]
[Black "Alonso Jimenez, Joan"]
[Result "0-1"]
[WhiteElo "1720"]
[BlackElo "1992"]
[PlyCount "57"]
[EventDate "2011.08.11"]
[EventType "swiss"]
[EventRounds "9"]
[EventCountry "ESP"]
[Source "lmi"]
[SourceDate "2010.08.11"]

1. e4 d6 2. f4 g6 3. Bc4 Bg7 4. h3 c5 5. Nf3 Nf6 6. d3 Nc6 7. c3 O-O 8. O-O Na5
9. Nbd2 Nxc4 10. Nxc4 b5 11. Ne3 Bb7 12. f5 a6 13. Nh2 Qc7 14. Neg4 c4 15. Nf2
d5 16. e5 Qxe5 17. Nfg4 Qc7 18. Bf4 Qa5 19. Nxf6+ Bxf6 20. Ng4 Bg7 21. f6 exf6
22. Bd6 Qb6+ 23. d4 Qxd6 24. Qf3 f5 25. Ne3 Rae8 26. h4 Re7 27. h5 Bh6 28. Nc2
Rfe8 29. hxg6 0-1

[Event "Obert Figueres Miquel Mas 2010"]
[Site "Figueres ESP"]
[Date "2010.08.14"]
[Round "5.24"]
[White "Balague Camps, Marc"]
[Black "Mirasol Obrador, Miquel"]
[Result "1-0"]
[WhiteElo "1964"]
[BlackElo "1832"]
[PlyCount "72"]
[EventDate "2011.08.11"]
[EventType "swiss"]
[EventRounds "9"]
[EventCountry "ESP"]
[Source "lmi"]
[SourceDate "2010.08.11"]

1. c4 Nf6 2. d4 g6 3. Nc3 Bg7 4. Nf3 O-O 5. g3 d6 6. Bg2 c6 7. O-O Bg4 8. h3
Bd7 9. e4 Qc8 10. Kh2 Na6 11. Be3 Nc7 12. Rc1 Rd8 13. Qe2 h6 14. Ng1 Kh7 15. e5
dxe5 16. dxe5 Ng8 17. f4 Bf5 18. Rfd1 f6 19. Nf3 fxe5 20. fxe5 Be6 21. Ne4 b6
22. b3 c5 23. Bf4 Qa6 24. Nf2 Rac8 25. Nh4 Rf8 26. Nxg6 Rf7 27. Nh4 Bh8 28.
Be4+ Kg7 29. Rd2 Kf8 30. Rcd1 Ne8 31. Qh5 Ng7 32. Rd8+ Rxd8 33. Rxd8+ Ne8 34.
Bxh6+ Nxh6 35. Qxh6+ Bg7 36. Ng6+ Kg8 1-0

[Event "Obert Figueres Miquel Mas 2010"]
[Site "Figueres ESP"]
[Date "2010.08.14"]
[Round "5.25"]
[White "Sola, Flavien"]
[Black "Sanchez Cobo, Javier"]
[Result "1-0"]
[WhiteElo "1954"]
[BlackElo "1832"]
[PlyCount "127"]
[EventDate "2011.08.11"]
[EventType "swiss"]
[EventRounds "9"]
[EventCountry "ESP"]
[Source "lmi"]
[SourceDate "2010.08.11"]

1. e4 c5 2. c4 g6 3. Nc3 Bg7 4. g3 Nc6 5. Bg2 Nf6 6. Rb1 O-O 7. a3 d6 8. b4 Rb8
9. Nge2 cxb4 10. axb4 Be6 11. d3 Qc8 12. b5 Nd8 13. Qa4 Bh3 14. Bxh3 Qxh3 15.
Nf4 Qg4 16. Qxa7 Ne6 17. Qe3 Nxf4 18. Qxf4 Qh3 19. Nd5 Nxd5 20. exd5 Qg2 21.
Qe4 Bc3+ 22. Ke2 Qh3 23. Rb3 Bg7 24. Bb2 Bh6 25. Qd4 f6 26. Qe4 e5 27. dxe6
Rfe8 28. Kf3 Rxe6 29. Qg4 Qxg4+ 30. Kxg4 f5+ 31. Kf3 g5 32. h3 f4 33. g4 Rbe8
34. h4 gxh4 35. Rxh4 Bg5 36. Rh5 h6 37. Bd4 Ra8 38. Rh1 Ra2 39. Ra1 Rd2 40.
Ra8+ Kf7 41. Rb8 Re7 42. b6 Bf6 43. Bxf6 Kxf6 44. Rf8+ Rf7 45. Rh8 Kg7 46. Rd8
Re7 47. Rxd6 Ree2 48. Rd7+ Kf6 49. Kxf4 Rxf2+ 50. Ke4 Rde2+ 51. Kd5 Re5+ 52.
Kd6 Rf4 53. Rxb7 Re6+ 54. Kc5 Rxg4 55. d4 Ree4 56. Rd7 Re8 57. b7 Rgg8 58. Kc6
h5 59. Kc7 Rb8 60. c5 h4 61. Rh3 Kg5 62. Rh7 Rge8 63. R3xh4 Kf5 64. R7h5+ 1-0

[Event "Obert Figueres Miquel Mas 2010"]
[Site "Figueres ESP"]
[Date "2010.08.14"]
[Round "5.26"]
[White "Gallego Terris, Rafael"]
[Black "Altimira Roses, Jordi"]
[Result "1-0"]
[WhiteElo "1951"]
[BlackElo "1828"]
[PlyCount "69"]
[EventDate "2011.08.11"]
[EventType "swiss"]
[EventRounds "9"]
[EventCountry "ESP"]
[Source "lmi"]
[SourceDate "2010.08.11"]

1. e4 c5 2. Nc3 Nc6 3. g3 d6 4. Bg2 g6 5. d3 Bg7 6. Be3 e6 7. Qd2 Nge7 8. Bh6
Bxh6 9. Qxh6 Ng8 10. Qd2 Rb8 11. f4 e5 12. Nf3 Nge7 13. O-O h6 14. Nd5 Nxd5 15.
exd5 Nd4 16. fxe5 Nxf3+ 17. Rxf3 dxe5 18. Re1 Qxd5 19. Rfe3 Qd6 20. Rxe5+ Be6
21. Qe3 Kd7 22. Qxc5 Qxc5+ 23. Rxc5 b6 24. Rce5 Rbc8 25. c4 Rc7 26. Bd5 Re8 27.
b3 Kd6 28. d4 Ree7 29. Kf2 a5 30. R1e3 Bxd5 31. Rxd5+ Kc6 32. Rde5 Kd6 33. c5+
bxc5 34. dxc5+ Rxc5 35. Rxe7 1-0

[Event "Obert Figueres Miquel Mas 2010"]
[Site "Figueres ESP"]
[Date "2010.08.14"]
[Round "5.27"]
[White "Vazquez Montreal, Enric"]
[Black "Diaz Comas, Jordi"]
[Result "0-1"]
[WhiteElo "1678"]
[BlackElo "1918"]
[PlyCount "106"]
[EventDate "2011.08.11"]
[EventType "swiss"]
[EventRounds "9"]
[EventCountry "ESP"]
[Source "lmi"]
[SourceDate "2010.08.11"]

1. Nf3 d5 2. d3 Nf6 3. g3 Nbd7 4. Nbd2 e5 5. e4 c6 6. Bg2 Bc5 7. O-O O-O 8. Nb3
Bd6 9. Re1 Re8 10. h4 Ng4 11. Nh2 Ndf6 12. Qe2 Qb6 13. Nxg4 Bxg4 14. Bf3 Be6
15. h5 h6 16. Be3 d4 17. Bd2 a5 18. g4 Nh7 19. Kh2 a4 20. g5 hxg5 21. Rg1 Be7
22. Bg4 Bxg4 23. Qxg4 axb3 24. cxb3 Bf6 25. Qf5 Qd8 26. a4 Qe7 27. Qh3 Qe6 28.
Rg4 Qxb3 29. Rag1 Qe6 30. a5 Kf8 31. h6 g6 32. Qg3 Ke7 33. Bb4+ Kd7 34. Qh3 Be7
35. Bd2 Rh8 36. R4g3 Qxh3+ 37. Rxh3 f6 38. b4 Nf8 39. Kg3 Rh7 40. Rb1 Ne6 41.
Rhh1 Nc7 42. Ra1 Rah8 43. b5 Nxb5 44. a6 bxa6 45. Rxa6 Rxh6 46. Rxh6 Rxh6 47.
Ra8 Rh1 48. Rg8 Rd1 49. Ba5 Rxd3+ 50. Kg2 c5 51. Rb8 Nd6 52. Ra8 Ra3 53. Ra7+
Ke6 0-1

[Event "Obert Figueres Miquel Mas 2010"]
[Site "Figueres ESP"]
[Date "2010.08.14"]
[Round "5.29"]
[White "Torrent Lagresa, Josep M"]
[Black "Padrosa Baro, Carles"]
[Result "1/2-1/2"]
[WhiteElo "1641"]
[BlackElo "1862"]
[PlyCount "51"]
[EventDate "2011.08.11"]
[EventType "swiss"]
[EventRounds "9"]
[EventCountry "ESP"]
[Source "lmi"]
[SourceDate "2010.08.11"]

1. e4 c5 2. Nf3 e6 3. d4 cxd4 4. Nxd4 h6 5. Nc3 Qc7 6. a3 Nc6 7. Be3 b5 8. b4
Nxb4 9. Qd2 Nc6 10. Nxc6 dxc6 11. Bd3 Bb7 12. O-O Nf6 13. Bf4 e5 14. Bg3 a6 15.
f4 Bc5+ 16. Kh1 Bd4 17. Rad1 O-O-O 18. Ne2 Nh5 19. Bh4 Rd7 20. Nxd4 Rxd4 21.
fxe5 g5 22. Rf5 Rhd8 23. Qe2 Ng7 24. Bg3 Nxf5 25. exf5 c5 26. e6 1/2-1/2

[Event "Obert Figueres Miquel Mas 2010"]
[Site "Figueres ESP"]
[Date "2010.08.14"]
[Round "5.30"]
[White "Gallegos Saliner, Josep M"]
[Black "Garcia, Richard"]
[Result "0-1"]
[WhiteElo "1560"]
[BlackElo "1761"]
[PlyCount "28"]
[EventDate "2011.08.11"]
[EventType "swiss"]
[EventRounds "9"]
[EventCountry "ESP"]
[Source "lmi"]
[SourceDate "2010.08.11"]

1. e4 e6 2. d4 d5 3. Nd2 dxe4 4. Nxe4 Bd7 5. Nf3 Bc6 6. Nc3 Nd7 7. Bb5 Bxb5 8.
Nxb5 c6 9. Nc3 Bd6 10. Bg5 Qc7 11. Qd2 Ngf6 12. O-O-O h6 13. Bh4 Bf4 14. Bg3
Bxd2+ 0-1

[Event "Obert Figueres Miquel Mas 2010"]
[Site "Figueres ESP"]
[Date "2010.08.14"]
[Round "5.32"]
[White "Aguila Hernandez, Eduardo"]
[Black "Sanchez Urpi, Xavier"]
[Result "1-0"]
[WhiteElo "1734"]
[BlackElo "1370"]
[PlyCount "80"]
[EventDate "2011.08.11"]
[EventType "swiss"]
[EventRounds "9"]
[EventCountry "ESP"]
[Source "lmi"]
[SourceDate "2010.08.11"]

1. e4 c5 2. Nf3 Nc6 3. d4 cxd4 4. Nxd4 g6 5. Nc3 Bg7 6. Be3 d6 7. Qd2 Nf6 8. f3
O-O 9. Bc4 Bd7 10. h4 Ne5 11. Bb3 h5 12. O-O-O Rc8 13. Rdg1 Qa5 14. Kb1 b5 15.
Nd5 Qxd2 16. Nxe7+ Kh8 17. Bxd2 Rb8 18. Bf4 Rb6 19. Ne2 Bc6 20. Nxc6 Rxc6 21.
Bxe5 dxe5 22. Rd1 Kg8 23. Nc3 Rxc3 24. bxc3 Rc8 25. Kb2 a5 26. Rd6 a4 27. Bd5
a3+ 28. Kb3 Rc5 29. Rc6 Nd7 30. Rxc5 Nxc5+ 31. Kxa3 Bf8 32. Kb4 Nxe4+ 33. Kxb5
Nxc3+ 34. Kc6 Kg7 35. Bc4 Kf6 36. Re1 Bb4 37. Re3 Na4 38. Kb5 Bc5 39. Rb3 Nb6
40. Kxc5 Nd7+ 1-0

[Event "Obert Figueres Miquel Mas 2010"]
[Site "Figueres ESP"]
[Date "2010.08.14"]
[Round "5.33"]
[White "Asensio Graells, Ricard"]
[Black "Vilanova Olmedo, Ignaci"]
[Result "1-0"]
[WhiteElo "1489"]
[BlackElo "1687"]
[PlyCount "43"]
[EventDate "2011.08.11"]
[EventType "swiss"]
[EventRounds "9"]
[EventCountry "ESP"]
[Source "lmi"]
[SourceDate "2010.08.11"]

1. e4 c6 2. d3 d5 3. Nd2 dxe4 4. dxe4 Nf6 5. Ngf3 Bg4 6. g3 Nxe4 7. Bg2 Nxd2 8.
Bxd2 e6 9. O-O Be7 10. h3 Bh5 11. Qe2 O-O 12. Rad1 Qb6 13. Bc3 Na6 14. Qe5 Bf6
15. Qxh5 Bxc3 16. bxc3 Qb2 17. Qa5 Qxc2 18. Nd4 Qg6 19. Nxc6 bxc6 20. Qxa6 e5
21. Rd7 Qc2 22. Qa5 1-0

[Event "Obert Figueres Miquel Mas 2010"]
[Site "Figueres ESP"]
[Date "2010.08.14"]
[Round "5.34"]
[White "Cantenys Pages, Carles"]
[Black "Lasinskas, Povilas"]
[Result "0-1"]
[WhiteElo "1490"]
[BlackElo "2180"]
[PlyCount "44"]
[EventDate "2011.08.11"]
[EventType "swiss"]
[EventRounds "9"]
[EventCountry "ESP"]
[Source "lmi"]
[SourceDate "2010.08.11"]

1. e4 e5 2. Nf3 Nc6 3. c3 d5 4. exd5 Qxd5 5. d3 Bc5 6. Be2 Nge7 7. O-O O-O 8.
b4 Bb6 9. a4 a5 10. b5 Nd8 11. c4 Qd6 12. Qc2 Bg4 13. Nc3 f5 14. h3 Bh5 15. Ba3
Bc5 16. Bb2 Ne6 17. Rad1 Bxf3 18. Bxf3 Nd4 19. Qc1 e4 20. Be2 Nf3+ 21. Bxf3
exf3 22. g3 Qxg3+ 0-1

[Event "Obert Figueres Miquel Mas 2010"]
[Site "Figueres ESP"]
[Date "2010.08.14"]
[Round "5.35"]
[White "Trias Punset, Carles"]
[Black "Garcia Castany, Jose"]
[Result "1/2-1/2"]
[WhiteElo "1739"]
[BlackElo "1477"]
[PlyCount "63"]
[EventDate "2011.08.11"]
[EventType "swiss"]
[EventRounds "9"]
[EventCountry "ESP"]
[Source "lmi"]
[SourceDate "2010.08.11"]

1. d4 Nf6 2. Nf3 e6 3. g3 d5 4. Bg2 c5 5. c3 Nc6 6. O-O cxd4 7. cxd4 Qb6 8. e3
Be7 9. Nbd2 O-O 10. Qb3 Qa5 11. a3 Qd8 12. Qc2 Qc7 13. Ne5 Bd6 14. Nxc6 bxc6
15. b4 Ba6 16. Re1 Rac8 17. Bb2 Rfe8 18. e4 Bf8 19. e5 Nd7 20. Nb3 Nb6 21. Nc5
Bxc5 22. bxc5 Nc4 23. Bf1 Rb8 24. Bxc4 Bxc4 25. Bc3 Rb3 26. Qd2 Rb5 27. Rab1
Reb8 28. Rxb5 Rxb5 29. Qc2 Qb8 30. Qd2 h6 31. Rc1 Rb3 32. Re1 1/2-1/2

[Event "Obert Figueres Miquel Mas 2010"]
[Site "Figueres ESP"]
[Date "2010.08.14"]
[Round "5.36"]
[White "Suita Rodriguez, Natalia"]
[Black "Regincos Oliva, Laura"]
[Result "1-0"]
[WhiteElo "1600"]
[BlackElo "1337"]
[PlyCount "45"]
[EventDate "2011.08.11"]
[EventType "swiss"]
[EventRounds "9"]
[EventCountry "ESP"]
[Source "lmi"]
[SourceDate "2010.08.11"]

1. d4 Nf6 2. c4 g6 3. Nc3 Bg7 4. e3 d6 5. Bd3 O-O 6. Nf3 b6 7. O-O Re8 8. b4 e5
9. Qc2 Bb7 10. Ne4 Nbd7 11. Bb2 Nxe4 12. Bxe4 Bxe4 13. Qxe4 exd4 14. Qf4 dxe3
15. Bxg7 exf2+ 16. Rxf2 Kxg7 17. Ng5 Rf8 18. Raf1 Qe8 19. Qd4+ Kg8 20. Nxf7 Ne5
21. Nh6+ Kg7 22. Rxf8 Qc6 23. Qf4 1-0

[Event "Obert Figueres Miquel Mas 2010"]
[Site "Figueres ESP"]
[Date "2010.08.15"]
[Round "6.1"]
[White "Alonso Rosell, Alvar"]
[Black "Barria Zuniga, Daniel"]
[Result "0-1"]
[WhiteElo "2521"]
[BlackElo "2419"]
[PlyCount "100"]
[EventDate "2011.08.11"]
[EventType "swiss"]
[EventRounds "9"]
[EventCountry "ESP"]
[Source "lmi"]
[SourceDate "2010.08.11"]

1. d4 Nf6 2. c4 g6 3. Nf3 Bg7 4. g3 c5 5. d5 b5 6. cxb5 a6 7. bxa6 Bxa6 8. Nc3
d6 9. Bg2 Nbd7 10. Rb1 Nb6 11. Nh4 Nfd7 12. Qc2 Nc4 13. O-O Qa5 14. Bh3 Ndb6
15. f4 Bd4+ 16. Kh1 Bb7 17. e4 Bxc3 18. bxc3 Qxa2 19. Qxa2 Rxa2 20. f5 f6 21.
Ng2 Kd8 22. Nf4 Bc8 23. Bg4 g5 24. Ng2 Kc7 25. h4 gxh4 26. Bf4 Rg8 27. Bf3 hxg3
28. Ra1 Rxa1 29. Rxa1 Bd7 30. Be2 Ne5 31. Ne3 Na4 32. c4 Rb8 33. Bxg3 Nc3 34.
Bxe5 Nxe2 35. Re1 Nd4 36. Bf4 Rb2 37. Ra1 Kb7 38. Rg1 Ne2 39. Rf1 Be8 40. Rf2
Rb1+ 41. Kh2 Bh5 42. Bh6 Kc8 43. Nf1 Nd4 44. Nd2 Re1 45. Kg3 Ne2+ 46. Kh2 Nc3
47. Kg3 Nxe4+ 48. Nxe4 Rxe4 49. Rh2 Bg4 50. Ra2 Bxf5 0-1

[Event "Obert Figueres Miquel Mas 2010"]
[Site "Figueres ESP"]
[Date "2010.08.15"]
[Round "6.2"]
[White "Anikaev, Yuri N"]
[Black "Martinez Duany, Lelys Stanley"]
[Result "0-1"]
[WhiteElo "2411"]
[BlackElo "2510"]
[PlyCount "98"]
[EventDate "2011.08.11"]
[EventType "swiss"]
[EventRounds "9"]
[EventCountry "ESP"]
[Source "lmi"]
[SourceDate "2010.08.11"]

1. d4 g6 2. e4 Bg7 3. c3 d6 4. h3 Nf6 5. Nd2 e5 6. dxe5 dxe5 7. Ngf3 O-O 8. Bc4
Nbd7 9. O-O Nh5 10. Nb3 h6 11. Be3 Qf6 12. Qc1 Nb6 13. Be2 Nf4 14. Bxf4 Qxf4
15. Qxf4 exf4 16. Rfd1 Na4 17. Rd2 a6 18. Rad1 b5 19. Nfd4 Bb7 20. Bf3 Rfe8 21.
Na5 Bxe4 22. Bxe4 Rxe4 23. Nac6 Rae8 24. Kf1 Nb6 25. Rc2 Nc4 26. b3 Ne5 27.
Nxe5 R4xe5 28. Nf3 Rc5 29. Rdc1 Rd8 30. c4 b4 31. Rd2 Rxd2 32. Nxd2 Kf8 33. Nf3
Bc3 34. a4 Rc6 35. Rd1 Ke7 36. Rd5 Re6 37. Ra5 g5 38. Rd5 f6 39. Rd1 f5 40. Ng1
Rd6 41. Rxd6 Kxd6 42. Ke2 g4 43. Kd3 Ke5 44. f3 Bd4 45. Ne2 gxh3 46. gxh3 Be3
47. Kc2 Kf6 48. Kd1 Kg5 49. Ke1 Kh4 0-1

[Event "Obert Figueres Miquel Mas 2010"]
[Site "Figueres ESP"]
[Date "2010.08.15"]
[Round "6.3"]
[White "Vehi Bach, Victor Manuel"]
[Black "Aroshidze, Levan"]
[Result "0-1"]
[WhiteElo "2405"]
[BlackElo "2548"]
[PlyCount "54"]
[EventDate "2011.08.11"]
[EventType "swiss"]
[EventRounds "9"]
[EventCountry "ESP"]
[Source "lmi"]
[SourceDate "2010.08.11"]

1. e4 c5 2. Nf3 d6 3. d4 cxd4 4. Nxd4 Nf6 5. Nc3 a6 6. h3 e6 7. g4 b5 8. Bg2
Bb7 9. O-O b4 10. Nd5 exd5 11. exd5 Be7 12. Nc6 Qc7 13. Nxe7 Kxe7 14. g5 Ne8
15. Qe1+ Kf8 16. Qxb4 Nd7 17. Bf4 Rb8 18. Qd2 Ne5 19. b3 Ng6 20. Bg3 h6 21. c4
Bc8 22. h4 hxg5 23. hxg5 Bh3 24. Bxh3 Rxh3 25. Kg2 Qc8 26. Rh1 Rxh1 27. Rxh1
Rb7 0-1

[Event "Obert Figueres Miquel Mas 2010"]
[Site "Figueres ESP"]
[Date "2010.08.15"]
[Round "6.4"]
[White "Campos Moreno, Javier B"]
[Black "Sorroche Martin, Jose Maria"]
[Result "1-0"]
[WhiteElo "2484"]
[BlackElo "2147"]
[PlyCount "57"]
[EventDate "2011.08.11"]
[EventType "swiss"]
[EventRounds "9"]
[EventCountry "ESP"]
[Source "lmi"]
[SourceDate "2010.08.11"]

1. d4 d5 2. c4 e6 3. Nf3 c6 4. g3 Be7 5. Bg2 Nf6 6. O-O O-O 7. Nc3 Ne4 8. Qc2
f5 9. Ne5 Nd7 10. Bf4 Ndf6 11. Rad1 Qe8 12. Nxe4 Nxe4 13. f3 Nf6 14. c5 Qh5 15.
b4 g5 16. Bc1 a6 17. a4 Bd7 18. e4 Rae8 19. exf5 exf5 20. Rde1 Bc8 21. b5 axb5
22. axb5 cxb5 23. Qb3 Kh8 24. Qxb5 Bd8 25. Rf2 Re6 26. Rfe2 Rfe8 27. Bxg5 Nd7
28. Bxd8 Nxe5 29. Rxe5 1-0

[Event "Obert Figueres Miquel Mas 2010"]
[Site "Figueres ESP"]
[Date "2010.08.15"]
[Round "6.5"]
[White "Lillo Castay, Victor"]
[Black "Huerga Leache, Mikel"]
[Result "1/2-1/2"]
[WhiteElo "2284"]
[BlackElo "2424"]
[PlyCount "54"]
[EventDate "2011.08.11"]
[EventType "swiss"]
[EventRounds "9"]
[EventCountry "ESP"]
[Source "lmi"]
[SourceDate "2010.08.11"]

1. e4 c5 2. Nf3 Nc6 3. d4 cxd4 4. Nxd4 g6 5. Nc3 Bg7 6. Nb3 Nf6 7. Be2 O-O 8.
O-O d6 9. Bg5 h6 10. Bh4 Be6 11. Kh1 Rc8 12. f4 Kh7 13. Bf3 Nd7 14. Rb1 Nb4 15.
Nd4 Bc4 16. Rf2 Bxd4 17. Qxd4 e5 18. Qxd6 Qxh4 19. g3 Qd8 20. Qxb4 exf4 21. Bg4
fxg3 22. hxg3 a5 23. Qd6 Nc5 24. Qf4 Ne6 25. Qe3 Qg5 26. Qxg5 hxg5 27. b3 Ba6
1/2-1/2

[Event "Obert Figueres Miquel Mas 2010"]
[Site "Figueres ESP"]
[Date "2010.08.15"]
[Round "6.6"]
[White "Corrales Jimenez, Fidel"]
[Black "Cuadras Avellana, Jorge"]
[Result "1-0"]
[WhiteElo "2574"]
[BlackElo "2305"]
[PlyCount "143"]
[EventDate "2011.08.11"]
[EventType "swiss"]
[EventRounds "9"]
[EventCountry "ESP"]
[Source "lmi"]
[SourceDate "2010.08.11"]

1. d4 Nf6 2. c4 e6 3. Nc3 Bb4 4. e3 O-O 5. a3 Bxc3+ 6. bxc3 c5 7. Bd3 Nc6 8.
Ne2 e5 9. d5 e4 10. Bb1 Na5 11. Ng3 Re8 12. Ba2 b6 13. O-O Ba6 14. Qa4 d6 15.
f3 exf3 16. Rxf3 Ng4 17. Bd2 Qh4 18. Nf1 Ne5 19. Rf4 Qe7 20. Ng3 Rad8 21. Raf1
Qd7 22. Qc2 Bxc4 23. Bxc4 Naxc4 24. Rh4 h6 25. Bc1 b5 26. e4 Ng6 27. Rh5 Qg4
28. Qf2 Nce5 29. h3 Qd7 30. Bxh6 gxh6 31. Qd2 f6 32. Rxh6 Re7 33. Nh5 Rf8 34.
Rxf6 Rg7 35. Qf2 Rff7 36. Qg3 Kf8 37. Rh8+ Rg8 38. Rxg8+ Kxg8 39. Rxg6+ Nxg6
40. Qxg6+ Kf8 41. Qh6+ Ke7 42. Qg5+ Kf8 43. Nf4 Ke8 44. Ne6 a5 45. Qg8+ Ke7 46.
h4 Qe8 47. Qg5+ Kd7 48. Qg4 Ke7 49. Ng5 Rf6 50. Kh2 Qh8 51. g3 Qf8 52. Kh3 Rh6
53. Qe2 Qf6 54. Kg4 Qg6 55. Qe3 Qh5+ 56. Kh3 Qd1 57. e5 Qh1+ 58. Kg4 Kd7 59.
Qd3 Kc7 60. Nf7 c4 61. Qd4 Rg6+ 62. Kh5 Qb1 63. Qa7+ Kc8 64. Qa8+ Kc7 65. Qd8+
Kb7 66. Qd7+ Ka8 67. Nd8 Qd1+ 68. Kxg6 Qxd5 69. Nc6 Qd3+ 70. Kh6 Qe3+ 71. Kh7
Qd3+ 72. Kh8 1-0

[Event "Obert Figueres Miquel Mas 2010"]
[Site "Figueres ESP"]
[Date "2010.08.15"]
[Round "6.7"]
[White "Vilar Lopez, Monica"]
[Black "Sorbe, Stephane"]
[Result "0-1"]
[WhiteElo "2166"]
[BlackElo "2358"]
[PlyCount "62"]
[EventDate "2011.08.11"]
[EventType "swiss"]
[EventRounds "9"]
[EventCountry "ESP"]
[Source "lmi"]
[SourceDate "2010.08.11"]

1. e4 c5 2. Nc3 Nc6 3. g3 g6 4. Bg2 Bg7 5. d3 e6 6. Be3 Nd4 7. Qd2 Ne7 8. Nd1
b6 9. c3 Ndc6 10. Nf3 Ba6 11. O-O O-O 12. Re1 Rc8 13. Bh6 d5 14. Bxg7 Kxg7 15.
exd5 Nxd5 16. d4 cxd4 17. Nxd4 Nde7 18. Ne3 Nxd4 19. cxd4 Qd6 20. Rad1 Rfd8 21.
Ng4 Nf5 22. Qg5 Qe7 23. Qf4 h5 24. Ne3 Nxe3 25. Qxe3 Qf6 26. d5 exd5 27. Bxd5
Rc5 28. Qe4 Rcxd5 29. Rxd5 Bb7 30. Red1 Rxd5 31. Rxd5 Qc6 0-1